[Event "Muensterland Verbandsliga 1920"]
[Site "Germany"]
[Date "2020.01.11"]
[Round "5.5"]
[White "Werremeyer, Achim"]
[Black "Pohl, Detlev"]
[Result "0-1"]
[WhiteElo "1712"]
[BlackElo "1798"]
[PlyCount "74"]
[EventDate "2019.09.07"]
[EventType "team-tourn"]
[EventRounds "7"]
[EventCountry "GER"]
[SourceTitle "EXT 2023"]
[Source "ChessBase"]
[SourceDate "2022.10.05"]
[SourceVersion "1"]
[SourceVersionDate "2022.10.05"]
[SourceQuality "1"]
[WhiteTeam "Ibbenbueren"]
[BlackTeam "Telgte"]
[WhiteTeamCountry "GER"]
[BlackTeamCountry "GER"]

1. Nf3 d5 2. d4 Nf6 3. c4 e6 4. Bg5 Be7 5. Nc3 a6 6. e3 Nbd7 7. Rc1 0-0 8. cxd5 exd5 9. Bd3 c6 10. 0-0 Nh5 11. Bxe7 Qxe7 12. Qc2 Nhf6 13. e4 dxe4 14. Nxe4 Nxe4 15. Bxe4 Nf6 16. Rfe1 Qd6 17. Qc5 Qf4 18. Qe5 Qh6 19. Qg5 Qxg5 20. Nxg5 h6 21. Nf3 Be6 22. Bb1 Rad8 23. Rcd1 Rd6 24. Rd2 Rfd8 25. h3 Kf8 26. Rc1 g5 27. g4 Nd5 28. a3 Nf4 29. Kh2 f6 30. Be4 Bd5 31. Bxd5 Rxd5 32. Kg3 Kf7 33. Rcd1 Re8 34. Re1 Rxe1 35. Nxe1 c5 36. Nf3 cxd4 37. Nxd4 Rxd4 0-1

[Event "Muensterland Verbandsklasse 1819"]
[Site "Germany"]
[Date "2019.03.09"]
[Round "7.6"]
[White "Werremeyer, Achim"]
[Black "Scharlow, Siegmar"]
[Result "0-1"]
[WhiteElo "1702"]
[BlackElo "1689"]
[PlyCount "82"]
[EventDate "2018.09.15"]
[EventType "team-tourn"]
[EventRounds "9"]
[EventCountry "GER"]
[SourceTitle "EXT 2020"]
[Source "ChessBase"]
[SourceDate "2019.10.17"]
[SourceVersion "1"]
[SourceVersionDate "2019.10.17"]
[SourceQuality "1"]
[WhiteTeam "Ibbenbueren"]
[BlackTeam "Nienberge II"]
[WhiteTeamCountry "GER"]
[BlackTeamCountry "GER"]

1. Nf3 d5 2. d4 Nc6 3. c4 Bg4 4. Ne5 Nxe5 5. dxe5 dxc4 6. Qa4+ Bd7 7. Qxc4 e6 8. Nc3 a6 9. Bf4 b5 10. Qd3 Bc6 11. Qc2 Ne7 12. Rd1 Qc8 13. e4 Ng6 14. Bg3 Bb4 15. a3 Bxc3+ 16. bxc3 0-0 17. Bd3 Bb7 18. 0-0 c5 19. f4 c4 20. Be2 Qc5+ 21. Kh1 Rfd8 22. Bf3 Ne7 23. a4 Ng6 24. Bf2 Qe7 25. g3 Rxd1 26. Rxd1 Rd8 27. Bd4 Bc6 28. axb5 axb5 29. Ra1 Qb7 30. Ra7 Qb8 31. Ra6 Qb7 32. Ra7 Qb8 33. Qa2 h5 34. Ra6 Qb7 35. Qa5 Rxd4 36. cxd4 Bxe4 37. Bxe4 Qxe4+ 38. Kg1 Qxd4+ 39. Kg2 Qe4+ 40. Kh3 Nxf4+ 41. Kh4 g5+ 0-1

[Event "Steinfurt Bezirksliga 1718"]
[Site "Germany"]
[Date "2017.11.11"]
[Round "2.4"]
[White "Werremeyer, Achim"]
[Black "Viefhues, Ulrich"]
[Result "1/2-1/2"]
[WhiteElo "1736"]
[BlackElo "1651"]
[PlyCount "38"]
[EventDate "2017.09.23"]
[EventType "team-tourn"]
[EventRounds "7"]
[EventCountry "GER"]
[SourceTitle "EXT 2019"]
[Source "ChessBase"]
[SourceDate "2018.10.10"]
[SourceVersion "1"]
[SourceVersionDate "2018.10.10"]
[SourceQuality "1"]
[WhiteTeam "Ibbenbueren"]
[BlackTeam "Emsdetten Rochade V"]
[WhiteTeamCountry "GER"]
[BlackTeamCountry "GER"]

1. Nf3 d5 2. d4 Nf6 3. c4 e6 4. Nc3 Be7 5. Bg5 0-0 6. e3 h6 7. Bh4 b6 8. Rc1 Bb7 9. cxd5 Nxd5 10. Bxe7 Qxe7 11. Bd3 Rc8 12. 0-0 Nd7 13. Nxd5 exd5 14. Bf5 c5 15. Re1 Rc7 16. a3 Nf6 17. Ne5 Bc8 18. Bb1 Be6 19. Qd3 Rac8 1/2-1/2

[Event "Steinfurt Bezirksliga 1617"]
[Site "Germany"]
[Date "2016.10.22"]
[Round "2.3"]
[White "Meinert, Dominik"]
[Black "Werremeyer, Achim"]
[Result "1/2-1/2"]
[WhiteElo "1598"]
[BlackElo "1732"]
[PlyCount "44"]
[EventDate "2016.09.24"]
[EventType "team"]
[EventRounds "9"]
[EventCountry "GER"]
[SourceTitle "EXT 2018"]
[Source "ChessBase"]
[SourceDate "2017.10.13"]
[SourceVersion "1"]
[SourceVersionDate "2017.10.13"]
[SourceQuality "1"]
[WhiteTeam "Steinfurt II"]
[BlackTeam "Ibbenbueren"]
[WhiteTeamCountry "GER"]
[BlackTeamCountry "GER"]

1. e4 c6 2. d4 d5 3. exd5 cxd5 4. c4 Nf6 5. Nc3 e6 6. Bg5 Be7 7. Nf3 0-0 8. Be2 Nbd7 9. 0-0 dxc4 10. Bxc4 Nb6 11. Bb3 Nbd5 12. Qd2 b6 13. Nxd5 Nxd5 14. Bxd5 exd5 15. Bxe7 Qxe7 16. Rfe1 Be6 17. Rac1 Rac8 18. h3 Qd6 19. Ne5 Rxc1 20. Rxc1 Rc8 21. a3 Rxc1+ 22. Qxc1 Bd7 1/2-1/2

[Event "Steinfurt Bezirksliga 1112"]
[Site "Germany"]
[Date "2012.03.31"]
[Round "7.3"]
[White "Radisic, Sascha"]
[Black "Werremeyer, Achim"]
[Result "1/2-1/2"]
[WhiteElo "1656"]
[BlackElo "1771"]
[PlyCount "27"]
[EventDate "2011.10.01"]
[EventType "team-tourn"]
[EventRounds "9"]
[EventCountry "GER"]
[SourceTitle "EXT 2013"]
[Source "ChessBase"]
[SourceDate "2012.11.22"]
[SourceVersion "1"]
[SourceVersionDate "2012.11.22"]
[SourceQuality "1"]
[WhiteTeam "Steinfurt II"]
[BlackTeam "Westerkappeln"]
[WhiteTeamCountry "GER"]
[BlackTeamCountry "GER"]

1. Nf3 Nf6 2. c4 e6 3. g3 b6 4. Bg2 Bb7 5. 0-0 Be7 6. b3 0-0 7. Bb2 c5 8. e3 d6 9. d3 Nbd7 10. Nbd2 Qc7 11. Qc2 Rac8 12. Rac1 Qb8 13. Qb1 Rfd8 14. Rfd1 1/2-1/2

[Event "Muensterland Verbandsklasse-B 1011"]
[Site "Germany"]
[Date "2011.04.09"]
[Round "9.3"]
[White "Dietrich, Johannes"]
[Black "Werremeyer, Achim"]
[Result "1/2-1/2"]
[WhiteElo "1797"]
[BlackElo "1734"]
[PlyCount "35"]
[EventDate "2010.09.18"]
[EventType "team-tourn"]
[EventRounds "9"]
[EventCountry "GER"]
[SourceTitle "EXT 2012"]
[Source "ChessBase"]
[SourceDate "2011.11.24"]
[SourceVersion "1"]
[SourceVersionDate "2011.11.24"]
[SourceQuality "1"]
[WhiteTeam "Muenster SK IV"]
[BlackTeam "Westerkappeln"]
[WhiteTeamCountry "GER"]
[BlackTeamCountry "GER"]

1. Nf3 Nf6 2. c4 e6 3. g3 d5 4. Bg2 Be7 5. 0-0 0-0 6. d4 Nbd7 7. Qc2 c6 8. Nbd2 Re8 9. Rd1 Bf8 10. e4 dxe4 11. Nxe4 Nxe4 12. Qxe4 Nf6 13. Qc2 Qb6 14. b3 Be7 15. Bb2 Bd7 16. Ne5 Rad8 17. Rd3 Bc8 18. Rad1 1/2-1/2

[Event "Steinfurt Bezirksliga 0910"]
[Site "Germany"]
[Date "2010.05.15"]
[Round "9.3"]
[White "Brito, Daniel"]
[Black "Werremeyer, Achim"]
[Result "1-0"]
[WhiteElo "1835"]
[BlackElo "1776"]
[PlyCount "101"]
[EventDate "2009.09.12"]
[EventType "team-tourn"]
[EventRounds "9"]
[EventCountry "GER"]
[SourceTitle "EXT 2011"]
[Source "ChessBase"]
[SourceDate "2010.11.26"]
[SourceVersion "1"]
[SourceVersionDate "2010.11.26"]
[SourceQuality "1"]
[WhiteTeam "Neuenkirchen II"]
[BlackTeam "Westerkappeln"]
[WhiteTeamCountry "GER"]
[BlackTeamCountry "GER"]

1. e4 c5 2. Nc3 Nc6 3. f4 d6 4. Nf3 Nf6 5. Bc4 a6 6. a4 e6 7. d3 d5 8. exd5 exd5 9. Bb3 Be7 10. 0-0 Bg4 11. Ne2 0-0 12. h3 Bxf3 13. Rxf3 Re8 14. c3 Rc8 15. Bc2 d4 16. Ng3 Bf8 17. Bb3 Rc7 18. Bd2 Ne7 19. Qf1 Ned5 20. Bxd5 Qxd5 21. c4 Qc6 22. a5 Rce7 23. Rf2 Re6 24. Re2 Rxe2 25. Nxe2 Nd7 26. Ng3 Qg6 27. Qf3 Qc6 28. Qxc6 bxc6 29. Rb1 Nf6 30. Kf2 Bd6 31. Nf5 Bc7 32. b4 Rb8 33. Ne7+ Kf8 34. Nxc6 Rb7 35. b5 Bb8 36. Nxb8 Rxb8 37. bxa6 Ra8 38. Rb6 Ke8 39. f5 Nd7 40. Rd6 Nb8 41. f6 g6 42. Rd5 Nxa6 43. Re5+ Kd8 44. Re7 Nb4 45. Rxf7 Ra6 46. Rf8+ Kd7 47. Bxb4 cxb4 48. f7 Rxa5 49. Rd8+ Kxd8 50. f8Q+ Kd7 51. Qxb4 1-0

[Event "Muensterland Verbandsklasse-B 0708"]
[Site "Germany"]
[Date "2008.03.08"]
[Round "7.3"]
[White "Werremeyer, Achim"]
[Black "Hoeing, Johannes"]
[Result "0-1"]
[WhiteElo "1781"]
[BlackElo "1920"]
[PlyCount "98"]
[EventDate "2007.09.15"]
[EventType "team"]
[EventRounds "9"]
[EventCountry "GER"]
[SourceTitle "EXT 2009"]
[Source "ChessBase"]
[SourceDate "2008.11.26"]
[SourceVersion "1"]
[SourceVersionDate "2008.11.26"]
[SourceQuality "1"]
[WhiteTeam "Westerkappeln"]
[BlackTeam "Suedlohn II"]
[WhiteTeamCountry "GER"]
[BlackTeamCountry "GER"]

1. Nf3 Nf6 2. d4 d6 3. c4 Nbd7 4. Nc3 e5 5. Bg5 c6 6. e4 Qc7 7. Be2 Be7 8. 0-0 Nf8 9. Bd2 Ne6 10. Bc1 0-0 11. Re1 Re8 12. d5 Nc5 13. Nd2 a5 14. b3 Bf8 15. Ba3 Bd7 16. Rc1 g6 17. Bxc5 dxc5 18. Bf1 Rad8 19. Qc2 Bc8 20. Rcd1 Bd6 21. Be2 Rf8 22. Nf1 Ne8 23. Ne3 Ng7 24. Rd2 f5 25. f3 f4 26. Nf1 Rf6 27. Na4 Bd7 28. Nc3 Rdf8 29. a3 g5 30. Rc1 h5 31. Na4 Ra8 32. Nb2 Ne8 33. Nd3 g4 34. b4 cxd5 35. bxc5 Bxc5+ 36. Nxc5 Qxc5+ 37. Kh1 d4 38. Rb1 b6 39. Qb2 Rg6 40. Rc2 Nc7 41. Nd2 a4 42. Qb4 Na6 43. Qxc5 Nxc5 44. Rcb2 Ra6 45. Kg1 Kf7 46. Kf2 Ke7 47. g3 fxg3+ 48. hxg3 gxf3 49. Bxf3 Nd3+ 0-1